00439nam a2200145Ia 4500008004100000020001500041041000800056082001500064100001600079245011600095250000600211260004200217300001100259650002300270210716s2005 xx 000 0 und d a8178295954 aeng a306.3 LACV aLal, Vinay. aEmpire of knowledge: culture and plurality in the global economy.bCulture and plurality in the global economy. a1 aNew DelhibVistaar publicationsc2005 axi,287 aGeneral Management